[Event "Kroatischer Pokal 2018"]
[Site "?"]
[Date "2018.05.18"]
[Round "4"]
[White "Sprenger, Jan"]
[Black "Saric, Ibro"]
[Result "1/2-1/2"]
[Annotator "Sprenger,Jan"]
[BlackElo "2540"]
[EventDate "2018.??.??"]
[PlyCount "120"]
[SourceDate "2018.05.18"]
[WhiteElo "2496"]

{ Es gibt selten Partien, die vergleichsweise dramatisch ablaufen wie diese
Begegnung. Bis zum 29. Zug sind Angriff und Verteidigung auf beiden Seiten auf
hohem Niveau, sowohl taktisch als auch strategisch. Weiß trifft mit wenig Zeit
eine kühne Entscheidung: er schlägt das Dauerschach aus und opfert eine Figur
für zwei Bauern und Angriff. Objektiv ist die Stellung ausgeglichen, aber
Schwarz gerät in Panik und begeht einen grässlichen Fehler. Weiß sollte nun
leicht gewinnen, aber mit wenig Zeit sieht er den Wald vor lauter Bäumen nicht
und ruiniert seine Stellung gründlich. Bestrebt seinen Vorteil zu realisieren
greift wiederum Schwarz fehl; es ist nun erneut Weiß, der besser steht,
vielleicht auf Gewinn. Mit beiderseits einer Minute auf der Uhr wiederholen die
Kontrahenten, erschöpft vom Kampf, die Züge. Trotz der stark abfallenden
Qualität des Spiels in der zweiten Partiehälfte ein denkwürdiges Gefecht. } 1.
e4 e5 2. Nf3 Nc6 3. Bb5 a6 4. Ba4 Nf6 5. O-O Be7 6. Re1 b5 7. Bb3 d6 8. c3 O-O
9. h3 Na5 10. Bc2 c5 11. d4 Nd7 12. dxc5 $5 { Ich wollte der Vorbereitung
meines Gegners aus dem Weg gehen. Zudem ist Sf6-d7 in den entstehenden
symmetrischen Stellungen Zeitverlust; der weiße Plan Sd2-f1-e3-d5 gewinnt an
Kraft.}  12... dxc5 13. Nbd2 Qc7 { Gebräuchlicher ist 13. ..Lb7.}  14. Nf1 Nb6
15. Ne3 Nac4 ( 15... Rd8 16. Nd5 Nxd5 17. exd5 f6 { ist ebenfalls etwas
angenehmer für Weiß. Der Unterschied ist, dass Schwarz direkt Druck gegen d5
macht und a2-a4 keine Drohung ist.}  )16. Nd5 { Weiß folgt seinem einzigen
logischen Plan und öffnet die Diagonale b1-h7 für den spanischen
Angriffsläufer.}  16... Nxd5 17. exd5 f6 $1 { Sonst nimmt der weiße Vorteil
konkrete Formen an. Schwarz bereitet mit diesem "hässlichen" Zug die
Konsolidierung seiner Stellung mit Sc4-d6 vor.}  ( 17... Bd6 { war die
Vorgängerpartie Kosteniuk,A  (  2448  )  -Kosintseva,T  (  2513  )  , Tbilisi
2012  (  rapid  )  , und hier konnte Weiß mit}  18. a4 $1 ( 18. b3 $6 { war die
Partie.} )18... Bb7 19. Ng5 $36 { Vorteil erlangen.}  )18. a4 $1 { Alles andere
ist ungefährer Ausgleich. Schwarz beordert den Springer nach d6 zurück und
steht solide. Mit diesem Zug, der eine zweite Front eröffnet, versucht Weiß den
schwarzen Läufer auf c8 von der Verteidigung des Feldes f5 abzulenken.}  ( {
Sofort } 18. Nh4 $2 f5 19. Qh5 e4 { ist nur günstig für Schwarz.}  )18... Rb8
$1 ( 18... Bb7 $2 19. Nh4 $36 )( 18... Bd7 19. Bd3 Nd6 20. Qc2 g6 { verläuft
ähnlich zur Partie, aber nach}  ( 20... e4 $5 $14)21. Bxg6 $1 hxg6 22. Qxg6+
Kh8 23. Bf4 $1 { (  mit der Idee Sxe5  )  gestaltet sich die Verteidigung
schwieriger, da der Ld7 die siebte Reihe blockiert.}  )19. Bd3 $1 { Droht Lxc4
und Sf3-d2-c4 und zudem Dd1-c2 mit Spiel gegen den schwarzen König.}  ( { Der
positionelle Ansatz mit } 19. b3 Nd6 20. axb5 axb5 21. c4 bxc4 22. bxc4 { gibt
Weiß die etwas bessere Struktur, aber nach}  22... Bd7 { ist nicht viel los.} 
)( { Ich verwendete viel Zeit darauf } 19. Qd3 { zu untersuchen.}  19... g6 $1
{ hält leider die Balance.}  ( { Meine Idee war } 19... f5 $6 20. axb5 axb5 21.
Nxe5 Nxe5 22. Bf4 Nxd3 ( 22... Bd6 23. Rxe5 Bxe5 24. d6 $36 ) 23. Bxc7 Nxe1 24.
Rxe1 Rb7 25. Rxe7 Rf7 26. Re8+ Rf8 27. Rxf8+ Kxf8 28. Bd6+ Ke8 29. Bxc5 $14
))19... Nd6 $1 { Auch dies ist objektiv der beste Zug, wenngleich Schwarz
hiermit an sich selbst hohe Anforderungen in der Verteididung stellt.}  ( 19...
g6 20. axb5 axb5 21. Bxc4 bxc4 22. Nd2 Rd8 23. Nxc4 Bb7 24. Ne3 c4 25. Qg4 $14
)20. Qc2 g6 $1 ( 20... h6 $2 21. axb5 axb5 22. Nh4 $1 e4 ( 22... f5 23. Ng6
)23. Ng6 $1 { und Weiß behält in den Verwicklungen das bessere Ende für sich:} 
23... exd3 ( 23... Bf5 24. Nxe7+ Qxe7 25. Bf1 $16 )24. Rxe7 dxc2 25. Rxc7 Re8
26. Ne7+ Kh7 27. Bf4 $16 )21. axb5 axb5 22. Bxg6 $1 { Ruhige Fortsetzungen
bringen nichts ein. Schwarz konsolidiert sich mit Kg7, c5-c4, etc. und steht
bereit die Initiative zu übernehmen.}  22... hxg6 23. Qxg6+ Kh8 24. Qh6+ Kg8
25. Qg6+ Kh8 26. Qh5+ Kg8 { Der Augenblick der Wahrheit war gekommen. Das Remis
mitnehmen  (  evtl. noch mit Ta4 und Te4 für die Gallerie eingeschoben  )  oder
mit Lh6 auf mehr spielen? Wahrscheinlich hätte ich die Figur schneller geben
sollen und auch über die Frage des Weiterspielens weniger brüten sollen; in
komplizierten Stellungen ist es essentiell genug Zeit auf der Uhr zu haben.} 
27. Bh6 $5 { Mit fünf verbleibenden Minuten eine mutige Entscheidung, aber dem
Wesen nach korrekt. Schwarz muss akkurat spielen um nicht schlechter zu
stehen.}  27... Rf7 $8 28. Nh4 f5 $4 { Panik. Hiernach sollte Weiß leicht
gewinnen.}  ( { Die beste Verteidigung ist } 28... Rh7 $1 29. Qg6+ Kh8 30. Re3
Bf5 $1 31. Nxf5 ( { Weiß kann das Remis forcieren mit } 31. Rg3 $5 Bxg6 32.
Nxg6+ Kg8 33. Nxe5+ Kh8 34. Ng6+ $11 )31... Nxf5 32. Qxf5 Rxh6 33. Ra6 Rd8 34.
Rg3 { Die Stellung bleibt kompliziert; der wahrscheinlichste Partieausgang ist
ein Remis durch Dauerschach.}  )( 28... Ne8 29. Re3 Ng7 30. Rg3 Bf8 { Hier
hatte ich während der Partie nicht gesehen, wie ich den Angriff fortsetzen
sollte, aber Komodo gibt}  31. Be3 $1 { an. Bereitet Dh6 und Sg6 vor. Schwarz
hat keinen leichten Stand, z.B.}  31... Rb6 32. Qh6 f5 33. Rg6 Rd6 34. Ra8 $40
)29. Rxe5 Bf6 30. Bf4 $5 { Ich konnte diesem effektvollen Zug, der noch mehr
Material gibt, nicht widerstehen.}  ( { Genauer war allerdings } 30. Qg6+ $1
Kh8 ( 30... Bg7 31. Rae1 Bb7 32. Re6 $18 )31. Bf4 Bd7 32. Re3 { und Dh6+
entscheidet.}  )30... Qd8 ( 30... Bxe5 31. Bxe5 Rg7 32. Ng6 $1 Rh7 33. Qg5 $18
{ Der weiße Angriff schlägt durch.}  )31. Rae1 Bd7 32. R5e3 $6 ( 32. Re6 Bxe6
33. Rxe6 Rb6 34. Nf3 { und Schwarz hat trotz des Mehrturms keine Verteidigung.
Weiß gewinnt früher oder später mit Lg5 oder Se5 Material zurück und verbleibt
mit einem gewonnenen Endspiel.}  )32... Rh7 $2 ( 32... Bxh4 33. Qg6+ Rg7 34.
Qxd6 { schätzte ich als gewonnen ein, aber der Computer sieht nach}  34... Ra8
$16 { keinen Totschlag.}  )33. Rg3+ Bg7 34. Qg6 $6 { Ein Rechenfehler. Wie so
oft war die einfachste Lösung die beste. Vielleicht wollte ich die Partie mit
zuviel Effekt gewinnen...}  ( { Mein erster Impuls war die Lage zu klären, und
ich hätte auf ihn hören sollen: } 34. Rxg7+ $1 Rxg7 ( 34... Kxg7 $2 35. Qg6+
Kh8 36. Be5+ )35. Bxd6 Rb6 36. Bxc5 { gewinnt von selbst.}  )34... Ne4 $1 { Die
einzige Verteidigung.}  35. Bxb8 $2 ( 35. Nxf5 $1 { Dies war natürlich mein
Plan und ich hatte die Variante nach 35. ...Lxf5 korrekt berechnet. Allerdings
sah ich nach}  35... Bxf5 ( 35... Nxg3 36. Nh6+ $2 Rxh6 37. Bxh6 { plötzlich} 
37... Nf5 $1 { und hatte keine Zeit, um Alternativen zu 36. Sh6+ zu berechnen.}
 )( { Mit mehr Zeit hätte ich vermutlich erkannt, dass Weiß nach } 35... Nxg3 {
über das brillante}  36. Ne7+ $3 Kh8 ( 36... Kf8 37. Qxh7 ) 37. Qf7 Rb6 38. d6
$18 { verfügt. Schwarz kann aufgeben. Schade, hundertmal schade!}  )36. Qxf5
Nxg3 37. Qe6+ Kh8 38. Bxb8 Qxb8 39. Qe8+ ( { In Zeitnot unmöglich zu finden ist
} 39. d6 $1 Bf8 40. d7 Qd8 41. Rd1 $1 { und die Drohung De8 entscheidet.} 
)39... Qxe8 40. Rxe8+ Bf8 41. Rxf8+ Kg7 42. Rb8 $18 { Schwarz kann aufgrund des
passiven weißen Königs noch kämpfen, aber Weiß sollte auf lange Sicht
gewinnen.}  )35... Qxh4 ( 35... Nxg3 36. Bc7 $3 { (  alles andere ist in
Ordnung für Schwarz  )}  36... Qxc7 37. Re7 { hätte ich auch erst mal finden
müssen...}  37... Qd6 38. Qf7+ Kh8 39. Ng6+ $18 )36. Be5 $2 { Der dritte Fehler
in Folge vergibt den Sieg endgültig und bringt Schwarz überdies in Vorteil.}  (
36. Bc7 $1 Nxg3 ( 36... Qh6 37. Ra1 $1 Qxg6 38. Rxg6 { und der weiße
Materialvorteil sollte sich durchsetzen.}  )37. Ra1 $3 $18 )( 36. Qb6 $2 Nxg3
37. fxg3 Qf6 38. Qxc5 { sieht besser aus, als es ist. Nach}  38... Bf8 39. Qf2
Re7 { hat Schwarz seine Figuren koordiniert und steht kaum schlechter.}  )36...
Nxg3 37. Bxg3 $6 Qf6 38. Qxf6 Bxf6 39. Bd6 c4 40. f4 Rh6 $15 { Die Zeitnot ist
vorbei und Weiß steht eine undankbare Verteidigungsaufgabe bevor, da seine drei
Bauern kaum beweglich sind und der einzige Freibauer leicht neutralisiert
wird,}  41. Bc5 $6 ( 41. Be5 Bd8 42. Ra1 { ist eine bessere Methode das
Gleichgewicht zu halten.}  )41... Kf7 42. Kf2 Bh4+ 43. g3 Bd8 44. h4 Ra6 $17 {
Nun hat Schwarz auch Spiel auf der a-Linie. Die weiße Stellung wird langsam
kritisch.}  45. Ke3 Ra2 ( 45... Bc8 $1 { nebst Lb7 zwingt Weiß zu d5-d6 und
aktiviert den passiven Läufer.} )46. Ba3 b4 $2 { Ein taktisches Übersehen.}  (
{ Nach der Partie schlug mein Gegner } 46... Bf6 47. h5 $1 Bxc3 { vor.
Allerdings erreicht Weiß ausreichendes Gegenspiel mit}  ( 47... b4 48. Bxb4
Rxb2 49. Ra1 )( 47... Kg7 $5 $17 { ist vielleicht am besten; es droht nun Kh6
oder Le8.} )48. bxc3 Rxa3 49. Kd4 $132 { und die Passivität des Läufers auf d7
wird deutlich.}  )47. Bxb4 Bb6+ 48. Kd2 $1 ( { Mein Gegner erwartete nur } 48.
Kf3 Rxb2 49. Re7+ Kg6 { und der Läufer auf d7 ist wegen Matt tabu.}  )48...
Rxb2+ $2 { Schwarz sollte sich wahrscheinlich auf den Rückweg machen und die
Gewinnversuche einstellen.}  ( 48... Ra7 49. Re7+ Kg6 $11 )49. Kc1 Rxb4 50.
cxb4 Bf2 51. Rf1 $1 Be3+ $1 ( 51... Bxg3 $2 52. h5 Bh4 53. h6 Bf6 54. Rg1 c3
55. h7 Bg7 56. d6 Ba4 57. Re1 $18 )52. Kb2 Bd4+ 53. Ka3 Be3 54. h5 Bd2 $2 55.
Rh1 $2 ( 55. Rd1 $1 c3 ( 55... Be3 56. h6 Kg6 57. h7 Kxh7 58. Re1 )56. Kb3 Kg7
{ Hier hatte ich nur das Figurenopfer auf d2 berechnet, nicht aber das viel
stärkere}  57. Ra1 $1 ( 57. Rxd2 cxd2 58. Kc2 Kh6 59. Kxd2 Kxh5 60. Ke3 Kg4 ( {
Ebenfalls möglich ist } 60... Kg6 61. Kd4 Kf6 62. Kc5 Ke7 ) 61. Kd4 Kxg3 62.
Kc5 Kxf4 63. b5 Bc8 64. d6 Ke3 65. b6 f4 66. b7 Bxb7 67. d7 f3 68. d8=Q f2 $11
)57... Kh6 58. Ra7 { Schwarz ist verloren, z.B.}  58... Bb5 59. d6 Be2 60. d7
Bd1+ 61. Ka2 c2 62. d8=Q $18 )55... Kg7 56. h6+ Kh7 57. Rh5 Bc1+ 58. Ka2 Bd2
59. Ka3 Bc1+ 60. Ka2 Bd2 { Müde vom Kampf und ohne Restbedenkzeit entschloss
ich mich die Züge zu wiederholen. Später stellte ich fest, dass die Stellung
immer noch gewonnen war. Mit kühlem Kopf nicht schwer zu sehen, aber nach fünf
Stunden intensiven Gefechts war an diesem Tag, wie es mein Mannschaftskollege
Darko Doric ausdrückte, "das Weiterspielen keine Option".}  ( 60... Bd2 61. Rh2
Bxb4 $1 ( 61... c3 62. Kb3 Bb5 63. Rh1 Be8 64. d6 c2 65. Kxc2 Bxb4 66. Ra1 Bxd6
67. Ra7+ Kxh6 68. Ra6 $18 )62. Rb2 Be1 63. Rb7 Bxg3 64. Rxd7+ Kxh6 65. d6 Bxf4
66. Rd8 $18 ) 1/2-1/2

[Event "Kroatischer Pokal 2018"]
[Site "?"]
[Date "2018.05.20"]
[Round "6"]
[White "Saric, Ivan"]
[Black "Sprenger, Jan"]
[Result "0-1"]
[Annotator "Sprenger,Jan"]
[BlackElo "2496"]
[EventDate "2018.??.??"]
[PlyCount "60"]
[SourceDate "2018.05.21"]
[WhiteElo "2685"]

1. e4 c5 2. Nf3 e6 3. d4 cxd4 4. Nxd4 a6 5. Bd3 Bc5 6. Nb3 Ba7 7. O-O Nc6 8. Qg4
Nf6 { Der prinzipiellste, aber auch riskanteste Versuch gegen den weißen
Aufbau.}  ( 8... Qf6 { ist sicherer.} )9. Qxg7 ( 9. Qg3 $5 { verdient ebenfalls
Beachtung.} )9... Rg8 10. Qh6 Ne5 11. Bg5 $2 { Saric verwechselt die
Varianten.}  ( { Nach } 11. Be2 b5 { ist}  12. Bg5 $1 { der richtige Zug.} 
)11... Rg6 12. Qh4 $8 ( 12. Bxf6 Nf3+ $1 13. Kh1 Rxh6 14. Bxd8 Rxh2# )12...
Nf3+ $1 13. gxf3 h6 14. Kh1 ( 14. f4 hxg5 15. fxg5 Nh5 16. Kh1 Rxg5 17. Qh3 e5
$40 { ist ebenfalls kein Zuckerschlecken, der schwarze Angriff  (  d6, Df6,
Sf4, ...  )  spielt sich von selbst.}  )14... hxg5 15. Qh8+ $6 ( { Vielleicht
das beste war } 15. Qg3 Nh5 16. Qh3 Nf4 17. Qh8+ ( 17. Qh7 Bb8 $40 )17... Ke7
18. Qxd8+ Kxd8 19. Nc3 Bb8 $17 )( 15. Qh3 $5 e5 16. Qh8+ Rg8 17. Qh6 { Nun ist
immerhin die Diagonale b8-h2 plombiert, aber auch ohne Damen hat Schwarz
Angriff nach.}  17... d6 18. Nc3 Be6 19. Nd5 Rg6 20. Qh8+ Kd7 $40 )15... Rg8
16. Qh6 Rg6 17. Qh8+ Rg8 18. Qh6 Bb8 $1 { Schwarz hat die Züge wiederholt um
Zeit zu gewinnen, aber die Stellung ist bereits viel zu gut für ein Remis. Der
Partiezug bereitet Ke7 und Th8 mit entscheidendem Angriff vor. Die weißen
Figuren stehen, sofern sie entwickelt sind, entweder passiv  (  Sb3, Ld3  ) 
oder deplatziert  (  Dh6  )  , so dass es schwierig ist, dem schwarzen Angriff
zu begegnen, obwohl auch Schwarz nicht voll entwickelt ist.}  19. Nc3 Ke7 ( {
Genauer als } 19... Be5 20. Rg1 Ke7 21. Rg2 d6 22. Ne2 { und Weiß kann noch
kämpfen.}  )20. Nd5+ $1 { Weiß gibt eine Figur für praktische Chancen.}  ( {
Ein anderer Versuch war } 20. Rae1 { und nun hätte ich der Versuchung}  20...
Be5 $1 { kontrolliert die Situation und bereitet das tödliche Th8 vor:}  (
20... Rh8 $2 { widerstehen müssen. Dieser Zug ist forcierter als Le5, aber die
Variante hat ein Loch:}  21. Nd5+ exd5 ( 21... Nxd5 22. Qxg5+ Ke8 23. Qxd8+
Kxd8 24. exd5 { und Weiß überlebt.}  ) 22. exd5+ Kd6 23. Qxg5 Nxd5 24. Qe5+ Kc6
25. Na5+ Kb6 26. Qd4+ Kxa5 27. Qxd5+ Kb6 ( 27... b5 $4 { war mein Plan in der
Partie, aber nun gewinnt Weiß nach}  28. b4+ $1 Kb6 ( 28... Kxb4 29. Rb1+ Ka5
30. Rxb5+ ) 29. Qc5+ Kb7 30. Be4+ $18 ) 28. Qd4+ Kc6 29. Qc4+ $11 )21. f4 ( 21.
Nd5+ exd5 22. exd5 d6 $19 )( 21. Nd2 Rh8 22. Qxg5 Rxh2+ 23. Kg1 Qh8 24. Nd5+
Kf8 25. Nxf6 Rh1+ 26. Kg2 Qh3# )21... Bxf4 22. e5 Ng4 23. Qh3 Nxh2 $19 )20...
exd5 21. Nd4 ( 21. exd5 Be5 22. Rfe1 d6 { und Schwarz gewinnt leicht', z.B.} 
23. c4 Rh8 24. Rxe5+ dxe5 25. Qxg5 Rh5 $19 )21... Qb6 $6 ( 21... d6 22. exd5
Ba7 23. Nf5+ Kd7 { ist vielleicht genauer; die schwarze Figur sollte sich auf
lange Sicht durchsetzen. Ich hatte die Variante mit 23. exd5 allerdings nicht
gesehen und ging davon aus, dass 21. ...Db6 klarer ist.}  )22. Nf5+ Kd8 23. Rg1
$2 { Hiernach gewinnt Schwarz leicht; die weiße Initiative wiegt keine Figur
auf. Saric musste sein Heil in einem  (  wahrscheinlich verlorenen  )  Endspiel
suchen.}  ( 23. exd5 $1 Nxd5 24. c4 $1 Qxh6 25. Nxh6 Nf4 26. Nxg8 Nxd3 27. Nh6
f6 28. b3 b5 { Diese Stellung ist gewonnen für Schwarz, aber er kann noch
fehlgreifen: die Umsetzung des Vorteils ist nicht trivial.}  )23... dxe4 24.
fxe4 Bf4 25. h4 { (  =  )  Ein etwas überraschendes Remisangebot; Weiß steht
total auf Verlust.}  25... d5 $1 { Der einfachste Gewinn. Es folgt Lxf5, Kc7
und Th8 mit entscheidender Kraft. Der Rest ist Agonie.}  26. e5 ( 26. hxg5 Bxf5
27. exf5 ( 27. Qxf6+ Qxf6 28. gxf6 Rh8+ 29. Kg2 dxe4 )27... Kc7 28. Qxf6 Rh8+
29. Kg2 Rh2+ 30. Kf3 Qxf2+ 31. Kg4 Rh4# { illustriert die Idee von 25. ...d5.} 
)26... Bxf5 27. Bxf5 Bxe5 28. f4 ( 28. hxg5 Kc7 29. gxf6 Rh8 30. Bh7 Qxf6 $19 {
und Schwarz gewinnt Figur und Partie.}  )28... Bxf4 29. hxg5 Kc7 $1 30. Qxf6
Rh8+ { Matt ist unabwendbar; Weiß gab daher auf.}   0-1